<?xml version="1.0" encoding="UTF-8"?>
<marc:record xmlns:marc="http://www.loc.gov/MARC21/slim">
   <marc:leader>00000nam a2200000 a 4500</marc:leader>
   <marc:datafield ind1="1" ind2=" " tag="100">
      <marc:subfield code="a">Khayat, Rasha</marc:subfield>
      <marc:subfield code="4">aut</marc:subfield>
      <marc:subfield code="e">Verfasser/-in</marc:subfield>
   </marc:datafield>
   <marc:datafield ind1="0" ind2="0" tag="245">
      <marc:subfield code="a">Ich komme nicht zurück</marc:subfield>
   </marc:datafield>
   <marc:datafield ind1="0" ind2="0" tag="245">
      <marc:subfield code="b">Roman</marc:subfield>
   </marc:datafield>
   <marc:datafield ind1=" " ind2="1" tag="264">
      <marc:subfield code="b">DuMont</marc:subfield>
      <marc:subfield code="c">2024</marc:subfield>
   </marc:datafield>
   <marc:datafield ind1="1" ind2=" " tag="520">
      <marc:subfield code="a">Khayats neuer Roman ist ein vielschichtiges Werk, das die Themen Migration, Integration, Identität und Freundschaft auf eindrucksvolle Weise beleuchtet. Die Geschichte spielt im Ruhrgebiet der späten 1980er-Jahre und zeichnet ein Bild vom Leben 3er Jugendlicher aus unterschiedlichen Kulturen, die in einer Arbeitersiedlung aufwachsen. Hanna, Zeyna und Cem bilden eine enge Freundschaft, die ihnen Halt und Geborgenheit in einem oft rauen Umfeld bietet. Ihre Herkunft spielt dabei keine Rolle, denn in ihrer Wahlfamilie steht das Zusammengehörigkeitsgefühl im Vordergrund. Doch mit dem Erwachsenwerden und den gesellschaftlichen Veränderungen der Zeit, insbesondere durch die Ereignisse des 11.9.2001, werden die Unterschiede zwischen ihnen immer deutlicher. Die einst unzertrennlichen Freunde entfernen sich voneinander, bis die Freundschaft schließlich zerbricht. Jahre später kehrt Hanna in ihre alte Heimat zurück und begibt sich auf die Suche nach Zeyna, nach Antworten und nach Versöhnung. Ein Plädoyer für Toleranz, Akzeptanz und die Überwindung von Vorurteilen.</marc:subfield>
   </marc:datafield>
   <marc:datafield ind1=" " ind2=" " tag="020">
      <marc:subfield code="a">9783832168124</marc:subfield>
      <marc:subfield code="9">9783832168124</marc:subfield>
   </marc:datafield>
</marc:record>
